Northern Ireland General Knowledge - Statistics

General Stats
  • This quiz has been taken 843 times
  • The average score is 6 of 12
Answer Stats
Hint Answer % Correct
Main City Belfast
100%
Popular holiday town on North Coast Portrush
74%
Lough in the middle of NI Lough Neagh
65%
Island along the North Coast Rathlin Island
54%
Highest mountain Slieve Donard
53%
Famous mountain range Mountains of Mourne
51%
Home of the Belfast Giants Odyssey Arena
38%
Current First Minister Peter Robinson
38%
Town where the only aquarium in NI is Portaferry
35%
Former First Minister Ian Paisley
34%
Mountain where St. Patrick kept sheep Slemish
31%
Current Deputy First Minister Martin McGuinness
29%
No matching quizzes found
Score Distribution
Percent of People with Each Score
Percentile by Number Answered
Your Score History
You have not taken this quiz